| 000 | 00656nam a2200265Ia 4500 | ||
|---|---|---|---|
| 001 | Z_4965 | ||
| 003 | CHAP | ||
| 008 | 220113s2=00 xx 000 0 und d | ||
| 010 | _a168020 | ||
| 040 | _cCHAP | ||
| 090 | _aFolleto 647 | ||
| 100 | 0 |
_aLesur, Luis _966363 |
|
| 245 |
_aManual de avicultura : una guía paso a paso / _cpor Luis Lesur |
||
| 260 |
_aMéxico, D.F. : _bTrillas, _c2002 |
||
| 300 | _a80 h. ; ilus. | ||
| 440 |
_aCómo hacer bien y fácilmente _927736 |
||
| 503 | _aC/E | ||
| 650 |
_aAves de corral I. t. _9138402 |
||
| 901 | _aFOLLETO 647 | ||
| 902 | _aM | ||
| 910 | _a2=00 | ||
| 942 | _cc14 | ||
| 942 | _cc14 | ||
| 999 |
_c168020 _d168020 |
||